00230nam a22001097a 4500020001500000082001400015100001800029245002700047260002700074300000800101650001100109 a0572030525 a297.4 BAL aBaldock, John aThe Essence of Sufism  aLondonbArcturusc2006 a238 aSufism